MDQL
is popping MORE tags! Check the
thread
!
Quizzes
Events
Quiz Creation
Community
Videos
Private Events
Remove Ads
Sign In
Join for FREE
Feedback
Dark Mode
Quiz Categories
Sports
Geography
Music
Movies
Television
Just For Fun
Miscellaneous
History
Literature
Language
Science
Gaming
Entertainment
Religion
Holiday
For Kids
Quiz Lab
Recent
Popular Today
Quiz Kudos Today
Editor Picks
Curator Picks
Quizzes by...
Day
Popularity
Type
Ratings
Length
Year
Community
Subscriptions
Recent Discussions
Orange Saloon
Badges
Playlists
Quests
Create
Leaderboards
Showdown
Live 5
Trivia Bingo
Activity
Puzzle Library
Sporcle Events
Private Events
Virtual Trivia
Globe League
Become a Host
Pub Owners
SporcleCon
Opinionation
Our Games
Videos
Blog
Mobile Apps
Partnerships
Remove Ads and Go Orange
Feedback
Music
Pop Music
The Beatles
Song
Album
Lyrics
Bands
Singers
Artist
Clip
Rock
Rap
Classical
Billboard
Country Music
Kpop
Taylor Swift
Music
Pop Music
The Beatles
Song
Album
Lyrics
Bands
Singers
Artist
Clip
Rock
Rap
Classical
Billboard
Country Music
Kpop
Taylor Swift
Random Quiz
Search Sporcle
×
Quiz Lab
Quiz Lab
Music
Clip
Type in answers that appear in a list
Type in answers that appear in a list
Classic
Best Score? Go Orange.
Isn't the next line the title 5? (clips) Stats
Can you name the songs in the clip, where the next line would be the title?
By
jelly22
20m
50 Questions
1,189 Plays
1,189 Plays
1,189 Plays
Comments
Comments
Give Quiz Kudos
Give Quiz Kudos
-
- Ratings
hide this ad
Replay
Link that replays current quiz
Next Quiz
Link to next quiz in quiz playlist
You Got
0%
They Got
Avg Score
49%
Avg Friend Score
Upgrade to see
Score Distribution
Jump to the score distribution portion of the page
Score
0/50
Timer
20:00
0
Plays Today
Time
Song Title
% Correct
04:30
True Colors
89.3%
00:00
Hit the Road Jack
87.7%
01:30
You're My Best Friend
86.7%
01:40
Hooked on a Feeling
85.4%
05:20
California Gurls
83.9%
06:30
Piece of My Heart
83.9%
06:10
Titanium
78.9%
02:20
Pinball Wizard
78%
00:10
Fun, Fun, Fun
76.9%
03:00
Dirty Little Secret
75.1%
03:20
Every Time We Touch
74.6%
07:30
You Can't Always Get What You Want
71.2%
07:50
Heartbreaker
70.9%
05:50
Don't Bring Me Down
69.9%
06:20
Hungry Eyes
68.7%
02:00
It's Still Rock and Roll To Me
65.5%
02:10
Sabotage
65%
06:40
Dreams
64.1%
03:30
Super Bass
60.9%
05:30
Two Tickets to Paradise
55.5%
02:40
Touch Me
54.9%
00:30
Lookin' Out My Back Door
53.8%
05:40
Just a Friend
52.5%
02:30
Santeria
52.1%
04:20
I Don't Want to Be
51.1%
Time
Song Title
% Correct
00:20
Brand New Key
50.4%
04:40
Electric Feel
49.5%
04:10
Sunny Afternoon
46.6%
00:40
You Don't Own Me
46.2%
07:10
Perfect
45.3%
05:10
Daughter
44.9%
07:00
Road to Nowhere
43%
06:00
Always On Time
41.5%
08:00
Bring It All Back
39.6%
03:40
5, 6, 7, 8
37.9%
01:20
Good Times Bad Times
37.2%
01:00
Still Waiting
33.3%
03:50
Fly By Night
28.2%
05:00
Suicide Blonde
28.1%
00:50
Ruby Soho
24.2%
04:50
Gotta Get Away
23.3%
08:10
Sheena is a Punk Rocker
23.1%
02:50
Oh! You Pretty Things
18.9%
07:20
I'm Real
16.8%
07:40
Child in Time
11.9%
06:50
Into My Arms
10.9%
04:00
mOBSCENE
10.1%
03:10
Get Over You
7.4%
01:50
Blew
5.7%
01:10
Hoops
4.8%
Quiz Playlist
Details
Report
Send in Message
Add To Playlist
Classic:
Type in answers that appear in a list
Last Updated: Jul 11, 2017
Quiz Scoreboard
CHALLENGE
Sign Up to Join the Scoreboard
Show All
Scores
Hide
Comments
May contain spoilers
Recently Published
Two Season TV Shows II
by 123Four
Television
10m
Image Sorting: Flags VI
by Barbecue
Geography
2m
Find the 'City' Movie
by crazypaving
Movies
60s
More to Explore
Quiz From the Vault
Featured Blog Post
14 Easter Pick-up Lines to Find Eggs With
hide this ad
You Might Also Like...
Tags
Clip Quiz
Pop Music Quiz
Rock Quiz
Song Quiz
Audio Quiz
Classic Rock
Music Clip
Provided Clips
Sound Clips
Today's Top Quizzes in Music
Browse Music
hide this ad
Today's Top Quizzes in Clip
Browse Clip
Top Contributed Quizzes in Music
1
5X2 Blitz: Bands II
2
5X2 Blitz: The Beatles
3
Taylor Swift All Songs (2024)
4
5X2 Blitz: Billboard
5
5X2 Blitz: Billboard II
6
5X2 Blitz: Album
7
5X2 Blitz: Rock
8
5X2 Blitz: Singers
9
Music Artist by Three 2010s hits
10
5X2 Blitz: Lyrics
Explore More
Trending Topics
Disney
Crossword
Anime
Marvel
NBA
Harry Potter
Kpop
The Office
WWE
Pokémon
Soccer
NFL
Puzzle
Country
Song
hide this ad
More By:
jelly22
Quiz
Plays
Rating
Category
Featured
Created
Song Titles in Opening Lyrics
45,012
4.72
Music
Jul 2, 2015
Isn't the next line the title 2? (clips)
3,137
4.85
Music
Dec 6, 2016
Isn't the next line the title 3? (clips)
2,461
4.96
Music
Feb 25, 2017
Isn't the next line the title? (clips)
1,816
4.36
Music
May 24, 2016
Isn't the next line the title 4? (clips)
1,483
5.00
Music
Mar 11, 2017
Go to Creator's Profile
Score Distribution
Quiz Creator Spotlight
jelly22
Follow
Send a Message
Quizzes Created
-
Created Quiz Play Count
-
More By This Creator
Popular Quizzes Today
1
Find the US States - No Outlines Minefield
2
Colored Red Africa Blitz
3
Find the 'City' Movie
4
5x2 Blitz: Bands
5
The Countries of the World
6
Find the Countries of Europe - No Outlines Minefield
7
Find the US States
8
US States
More Music Quizzes
Missing Word Acrostic: Smooth Criminal
Quiz Lab
Trending Quizzes
Colored Red Europe Blitz I
Colored Red Africa Blitz II
Colored Red Europe Blitz II
Colored Red Africa Blitz III
Colored Red Europe Blitz III
Recently Updated
How Do You Spell That?
pecheneg
Godzilla Movies
pecheneg
Grab Bag: 4-10 Letters
pecheneg
2024 March Madness Bracket
pecheneg
Famous TV Couples
Peacemaker
Champions League XIs: Real Madrid
pecheneg
Largest US Cities 1790-2010
pecheneg
Rides in Walt Disney World
pecheneg
Most Oscar Losses (Acting)
pecheneg
Beyoncé Albums
pecheneg
Trending Topics
NBA
Marvel
Harry Potter
Crossword
Kpop
Anime
Disney
Country
WWE
Pokémon
Soccer
NFL
Song
The Office
Puzzle
Your Account Isn't Verified!
In order to create a playlist on Sporcle, you need to verify the email address you used during registration. Go to your
Sporcle Settings
to finish the process.
Report this User
Report this user for behavior that violates our
Community Guidelines
.
Details:
Send Report
Go to the Sporcle.com Mobile Site →
Comments